Data engineering: Fuzzy mathematics in systems theory and data analysis
Bewaard in:
| Hoofdauteur: | |
|---|---|
| Formaat: | Boek |
| Taal: | Undetermined |
| Gepubliceerd in: |
New York
John Wiley and Sons
2001
|
| Onderwerpen: | |
| Tags: |
Voeg label toe
Geen labels, Wees de eerste die dit record labelt!
|
| Thư viện lưu trữ: | Trung tâm Học liệu Trường Đại học Cần Thơ |
|---|
| LEADER | 00535nam a2200169Ia 4500 | ||
|---|---|---|---|
| 001 | CTU_56298 | ||
| 008 | 210402s9999 xx 000 0 und d | ||
| 082 | |a 511.32 | ||
| 082 | |b W862 | ||
| 100 | |a Olaf Wolkenhauer | ||
| 245 | 0 | |a Data engineering: Fuzzy mathematics in systems theory and data analysis | |
| 245 | 0 | |c Olaf Wolkenhauer | |
| 260 | |a New York | ||
| 260 | |b John Wiley and Sons | ||
| 260 | |c 2001 | ||
| 650 | |a fuzzy sets,set theory,logic, symbolic and mathematical | ||
| 980 | |a Trung tâm Học liệu Trường Đại học Cần Thơ | ||